000 00408 a2200169 4500
001 191723
020 _a85-06-04540-1
040 _cMagnum
100 _aDoria, Maria Alice de A. Sampaio
240 1 0 _aA volta ao mundo em 80 dias
_lpor
245 1 0 _aA volta ao mundo em 80 dias
300 _a128
362 0 _a2006
440 1 _aMelhoramentos
697 _aLITERATURA JUVENIL ESTRANGEIRA
942 _cBK
999 _c191723
_d191723